书目信息 |
| 题名: |
沙漠地区公路设计
|
|
| 作者: | 盛安连 编著 | |
| 分册: | ||
| 出版信息: | 北京 人民交通出版社 1996.06 |
|
| 页数: | 236页 | |
| 开本: | 32开 | |
| 丛书名: | ||
| 单 册: | ||
| 中图分类: | U419.91 | |
| 科图分类: | ||
| 主题词: | 道路工程 | |
| 电子资源: | ||
| ISBN: | 7-114-02363-4 | |
| 000 | 00558nam0 2200193 45 | |
| 001 | 1009052192 | |
| 005 | 20100905210818.0 | |
| 010 | @a7-114-02363-4@d22.00元 | |
| 100 | @a20100905d1996 km y0chiy0120 ea | |
| 101 | 0 | @achi |
| 105 | @a z 000yy | |
| 200 | 1 | @a沙漠地区公路设计@ASha Mo Di Qu Gong Lu She Ji@f盛安连编著@FSheng An Lian Bian Zhu |
| 210 | @a北京@c人民交通出版社@d1996.06 | |
| 215 | @a236页@d32开 | |
| 606 | 0 | @a道路工程 |
| 690 | @aU419.91@v3 | |
| 701 | 0 | @a盛安连@4编著 |
| 801 | @aCN@bPftUser@c20100905 | |
| 905 | @b125319-328@dU419.91@eSH447@f10 | |
| 沙漠地区公路设计/盛安连编著.-北京:人民交通出版社,1996.06 |
| 236页;32开 |
| ISBN 7-114-02363-4:22.00元 |
| ● |
| 相关链接 |
|
|
|
正题名:沙漠地区公路设计
索取号:U419.91/SH447
 
预约/预借
| 序号 | 登录号 | 条形码 | 馆藏地/架位号 | 状态 | 备注 |
| 1 | 125319 | 201253197 | 自科二线404/404自科库 27排6列4层/ [索取号:U419.91/SH447] | 在馆 | |
| 2 | 125320 | 201253204 | 自科库501/501自科库 53排7列3层/ [索取号:U419.91/SH447] | 在馆 | |
| 3 | 125321 | 201253213 | 自科库501/501自科库 53排7列3层/ [索取号:U419.91/SH447] | 在馆 | |
| 4 | 125322 | 201253222 | 自科库501/501自科库 53排7列3层/ [索取号:U419.91/SH447] | 在馆 | |
| 5 | 125323 | 201253231 | 自科库501/501自科库 53排7列3层/ [索取号:U419.91/SH447] | 在馆 | |
| 6 | 125324 | 201253240 | 自科二线404/404自科库 27排5列1层/ [索取号:U419.91/SH447] | 在馆 | |
| 7 | 125325 | 201253259 | 自科库501/501自科库 53排7列3层/ [索取号:U419.91/SH447] | 在馆 | |
| 8 | 125326 | 201253268 | 自科库501/501自科库 53排7列3层/ [索取号:U419.91/SH447] | 在馆 | |
| 9 | 125327 | 201253277 | 自科库501/501自科库 53排7列3层/ [索取号:U419.91/SH447] | 在馆 | |
| 10 | 125328 | 201253286 | 自科库501/501自科库 53排7列3层/ [索取号:U419.91/SH447] | 在馆 |